Cómo hacer un mapeo colectivo /

Guardado en:
書目詳細資料
格式: 圖書
語言:西班牙语
出版: Madrid, España : Continta Me Tienes, 2017, cc2017
叢編:(La Aventura de Aprender ; 5)
主題:
標簽: 添加標簽
沒有標簽, 成為第一個標記此記錄!

MARC

LEADER 00000nam^a2200000^a^4500
001 000418455
005 20250521000000.0
009 20260310122418.436
020 |a 978-84-947096-5-4 
037 |a Acervo ITESO - Biblioteca 
041 |a ESP 
082 |a 303. 44  |b AVE V. 5 
245 0 0 |a Cómo hacer un mapeo colectivo / 
264 4 |a Madrid, España :  |b Continta Me Tienes,  |c 2017, cc2017 
300 |a 63 p. 
336 |a texto  |b txt  |2 rdacontenido 
337 |a sin mediación  |b n  |2 rdamedio 
338 |a volumen  |b nc  |2 rdasoporte 
440 4 |a (La Aventura de Aprender ;  |v 5) 
521 |a EEnlace Departamento de Estudios Socioculturales 2020 
649 |a XX 
650 |a Cambios Sociales y Culturales -  |x Tema Principal 
650 |a Evolución Social 
650 |a Barrios 
650 |a Ciudad (Concepto) 
650 |a Zonas Urbanas -  |x Mapas 
650 |a Cartografía -  |x Tema Principal 
650 |a Espacio Urbano -  |x Tema Principal 
650 |a Desarrollo Económico-Social -  |x Tema Principal 
650 |a Desarrollo Urbano 
650 |a Urbanismo 
650 |a Sociología Urbana 
910 |a Fondo General 
920 |a Impresos - Libros 
930 |a Colección General 
905 |a 101 
901 |a 0500328995  |b IT1  |c ACC  |i C172208  |u 20250521 
902 |a https://opac.biblio.iteso.mx/vufind/Record/000418455